Tomates, pimientos, berenjenas : Cultivo y comercialización
| Main Authors: | , |
|---|---|
| Format: | Section = Libro |
| Language: | Undetermined Spanish |
| Published: |
España
Aedos
1987
|
| Subjects: |
| LEADER | 00801nam a2200289Ia 4500 | ||
|---|---|---|---|
| 008 | 240830s9999 xx 000 0 und d | ||
| 020 | |a 84-7003-291-7 | ||
| 040 | |a B-ESTELÍ- RUACS / 635.642 I12 | ||
| 041 | |a spa | ||
| 082 | |a 635.642 I12 | ||
| 100 | 1 | |a Ibar Albiñana, Leandro | |
| 100 | 1 | |b Serrat, Baudilio | |
| 245 | 1 | 0 | |a Tomates, pimientos, berenjenas : Cultivo y comercialización |
| 260 | |a España |b Aedos |c 1987 | ||
| 300 | |a 153p:il | ||
| 650 | 7 | |a EL TOMATE | |
| 650 | 7 | |b EL CULTIVO DEL TOMATE | |
| 650 | 7 | |c CONSERVAS Y SALSAS | |
| 650 | 7 | |d EL PIMIENTO | |
| 650 | 7 | |e EL CULTIVO DEL PIMIENTO | |
| 650 | 7 | |f PLANTACION | |
| 650 | 7 | |g RECOLECCION | |
| 650 | 7 | |h LA BERENGENA | |
| 650 | 7 | |i PLAGAS Y ENFERMEDADES DE LA BERENGENA. | |
| 942 | |c BK |2 ddc | ||
| 991 | |a TEXTO | ||
| 999 | |c 11362 | ||